| 000 | 00542nam a2200217Ia 4500 | ||
|---|---|---|---|
| 008 | 170712s9999 xx 000 0 und d | ||
| 020 | _a9710328026 | ||
| 050 | _a413 | ||
| 050 | _bN532 2001 | ||
| 245 | 4 | _aThe new Philippines comprehensive dictionary / | |
| 250 | _aFirst edition | ||
| 260 | _aPhilippines : | ||
| 260 | _bISP, | ||
| 260 | _c2001 | ||
| 300 | _a824 pages : | ||
| 300 | _billustrations ; | ||
| 300 | _c30cm. | ||
| 650 | _aEnglish language -- | ||
| 650 | _aEnglish language. | ||
| 650 | _xDictionaries -- Polyglot. | ||
| 999 |
_c340382 _d340382 |
||